Tire Recycling

محفوظ في:
التفاصيل البيبلوغرافية
مؤلفون آخرون: Curiosity quest
التنسيق: كتاب
اللغة:الإنجليزية
الموضوعات:
الوصول للمادة أونلاين:Tire Recycling
الوسوم: إضافة وسم
لا توجد وسوم, كن أول من يضع وسما على هذه التسجيلة!

MARC

LEADER 00000nam a22000004a 4500
001 vpro8961
005 20201223000000.0
008 150808s2015 ck # g## #001 0#eng#d
020
022
040 |a CO-BoINGC 
041 0 |a eng 
245 1 0 |a Tire Recycling 
246 |a Reciclaje de los neumt̀icos 
264 |a Bogot ̀(Colombia) :  |b Revista VirtualPRO,  |c 2015 
520 3
650 \ \ |a Industria del caucho 
650 \ \ |a Sector industrial 
650 \ \ |a caucho industry 
650 \ \ |a Industrial sector 
650 \ \ |a industria del caucho 
650 \ \ |a rubber industry  
700 \ \ |a Curiosity quest 
856 |z Tire Recycling  |u https://virtualpro.unach.elogim.com/biblioteca/reciclaje-de-los-neumaticos